00481nam a22001697a 450000500170000001000150001702000260003203500130005803700130007108200110008410000160009524500390011126000370015027000500018730000230023750000510026020150915110956.0 aENG-113899 a9788171325054c750.00 aEN-97431 bDBAD/PUB a658.87 aMitra, S.N. aRetail management /cby S.N. Mitra aJaipurbPointer Publishersc2007 aVyas Building, S.M.S. HighwaybJaipure302003 avi,269p.c22cm(Hb) aIncludes bibliographical references and index